Debt Limits in Fund-Supported Programs : Proposed New Guidelines.

This supplement summarizes the reforms proposed in IMF (2009a, b)1 to the existing framework governing external debt limits in Fund-supported programs, and presents the proposed decision that is needed to implement these reforms. The supplement is organized as follows: Section II provides a brief co...

সম্পূর্ণ বিবরণ

গ্রন্থ-পঞ্জীর বিবরন
সংস্থা লেখক: International Monetary Fund
বিন্যাস: পত্রিকা
ভাষা:English
প্রকাশিত: Washington, D.C. : International Monetary Fund, 2009.
মালা:Policy Papers; Policy Paper ; No. 2009/057
বিষয়গুলি:
অনলাইন ব্যবহার করুন:Full text available on IMF
LEADER 01747cas a2200289 a 4500
001 AALejournalIMF019854
008 230101c9999 xx r poo 0 0eng d
020 |c 5.00 USD 
020 |z 9781498335669 
022 |a 2663-3493 
040 |a BD-DhAAL  |c BD-DhAAL 
110 2 |a International Monetary Fund. 
245 1 0 |a Debt Limits in Fund-Supported Programs :   |b Proposed New Guidelines. 
264 1 |a Washington, D.C. :  |b International Monetary Fund,  |c 2009. 
300 |a 1 online resource (10 pages) 
490 1 |a Policy Papers 
500 |a <strong>Off-Campus Access:</strong> No User ID or Password Required 
500 |a <strong>On-Campus Access:</strong> No User ID or Password Required 
506 |a Electronic access restricted to authorized BRAC University faculty, staff and students 
520 3 |a This supplement summarizes the reforms proposed in IMF (2009a, b)1 to the existing framework governing external debt limits in Fund-supported programs, and presents the proposed decision that is needed to implement these reforms. The supplement is organized as follows: Section II provides a brief commentary on the proposed decision, emphasizing key aspects of the proposed reforms set out in IMF (2009a, b) 1. Section III contains the proposed decision approving the new guidelines on external debt in Fund arrangements. The proposed new guidelines are included in the Attachment to the decision. 
538 |a Mode of access: Internet 
650 7 |a Fund Arrangement  |2 imf 
650 7 |a Methodology  |2 imf 
650 7 |a PP  |2 imf 
650 7 |a PRGF  |2 imf 
830 0 |a Policy Papers; Policy Paper ;  |v No. 2009/057 
856 4 0 |z Full text available on IMF  |u http://elibrary.imf.org/view/journals/007/2009/057/007.2009.issue-057-en.xml  |z IMF e-Library